| 000 | 00516nam a22001817a 4500 | ||
|---|---|---|---|
| 003 | NUST - PNEC | ||
| 005 | 20170116180851.0 | ||
| 008 | 150825b xxu||||| |||| 00| 0 eng d | ||
| 020 | _a094714546X (Set of five volumes) | ||
| 020 | _a0947145516 | ||
| 040 | _cLIBRARY | ||
| 082 | _a610 KNI | ||
| 100 |
_95705 _aKnight, John F. |
||
| 245 |
_aFamily medical care Volume 5 _cDr. John F. Knight |
||
| 260 |
_aAustrlia: _bSigns Publshing Co., _cc1986-1990 |
||
| 648 |
_95706 _aFamily medical _xGeneral |
||
| 942 |
_2ddc _cBK |
||
| 999 |
_c64628 _d64628 |
||